00737nam a2200181 i 450000100060000000300090000600500170001500700030003200800410003524500390007626000360011530000210015150001180017271000940029085200320038499900170041695201220043360274ES-MaACL20230906164210.0t|031104s1973 sp ||||1| spa d00aEspecialidades de zootecnia menor. a[Salamanca] : bAnaya, c[1973] a55 p. ; c25 cm. aPrecede al tít.: es publicación de la Dirección General de Formación Profesional y Extención Educativo.2 aEspaña. bDirección General de Formación Profesional y Extensión Educativa.93737 aES-MaACLjC-48235 bR.84634 c60274d60274 00104070aATENEOMbATENEOMcDEPO2d2008-01-17eSCl0oC-48235p1063219r2023-02-23 00:00:00w2023-02-23yMONOGRAFIA